| 000 | 00650nam a2200205 a 4500 | ||
|---|---|---|---|
| 005 | 20240806064156.0 | ||
| 008 | 040224s2000 ag r 000 0 spa d | ||
| 020 | _a9506180555 | ||
| 035 | _aUPN01000132121 | ||
| 049 | _aCG | ||
| 050 | 4 |
_aBF175.4 _bB5.3 |
|
| 100 | 1 |
_aBion, Wilfred R. _d1897-1979 _q(Wilfred Ruprecht), _931674 |
|
| 245 | 1 | 0 |
_aElementos de psicoanálisis / _cW. R. Bion ; pról. de León Grinberg ; tr. Haydée Fernández. |
| 250 | _a3a ed. | ||
| 260 |
_aBuenos Aires : _bLumen-Hormé, _c2000. |
||
| 300 | _a148 p. | ||
| 534 |
_pTítulo original: _tElements of psycho-analysis |
||
| 650 | 4 |
_aPsicoanálisis _91572 |
|
| 905 | _aLibro | ||
| 999 |
_c104276 _d104276 |
||